1183 1922 1114 1752 1571 1969 1236 1988 1897 1500 1103 1469 1813 1097 1861 1125 1879 1817 1721 1890 1136 1709 1327 1090 1352 1179 1605 1684 1881 1012 1474 1786 1184 1346 1171 1196 1093 1681 1602 1644 1361 1411 1472 1385 1877 1094 1535 1704 1483 1625 1286 1962 1727 1801 1413 1284 1268 1742 1790 1093 1524 1016 1068 1778 1770 1205 1224 1435 1810 1280 1681 1998 1259 1689 1866 1714 1971 1447 1450 1590 1629 1275 1963 1805 1946 1995 1649 1575 1732 1957 1046 1987 1400 1055 1659 1068 1440 1141 1053 BCNSPRNW ULIB Ver.6.0+V

เปลี่ยนเป็นภาษาไทย

Change to English
 แสดงรายละเอียดบรรณานุกรม
  กลับหน้าหลัก

Brief Record : Get Marc (ISO 2709) : E-mail record : QR code < ปิดหน้าต่าง
LEADER : 00000nam 2200000uu 4500
001    13399125877
003     ULIB
008    020711s2560 th a 000 0 tha d
020    ู^a9789745337176
060    ^aWY152.5^bจ265ก
100    ^aจันทร์ทิรา เจียรณัย.
245    ^aการพยาบาลผู้ป่วยที่มีปัญหาการผันแปรของออกซิเจนและการระบายอากาศ/^bจันทร์ทิรา เจียรณัย.
260    ^aนครราชสีมา :^bมหาวิทยาลัยเทคโนโลยีสุรนารี,^c2560
300    ^a528 หน้า;^c30 ซม.
650    ^aหัวใจ-โรค-ผู้ป่วย
650  0 ^aผู้ป่วย-การดูแล
945    ^p480^l0^i003307
945    ^p480^l0^i003308
945    ^p480^l0^i003309
999    ^aประนอม เกษจรัล
รายการนี้ยังไม่มีแท็ก
คุณยังไม่ได้ล็อกอิน คุณสามารถมีกิจกรรมร่วมกับเว็บไซต์ได้ แต่ต้องล็อกอินก่อน ::
  ล็อกอิน

รายการสื่อสารสนเทศ

ลำดับที่ ประเภท เลขเรียก/บาร์โค้ด สถานที่ สถานะ
1. วิทยาศาสตร์การแพทย์ และสุขภาพ
หนังสือสำรอง
สถานะ=หนังสือสำรอง
WY152.5 จ265ก ฉ.1 
  Barcode: 003307
ห้องสมุดวิทยาเขตสวรรค์ประชารักษ์
►หนังสือทั่วไป
บนชั้น
2. วิทยาศาสตร์การแพทย์ และสุขภาพ
วิทยาศาสตร์การแพทย์ และสุขภาพ
WY152.5 จ265ก ฉ.2 
  Barcode: 003308
ห้องสมุดวิทยาเขตสวรรค์ประชารักษ์
►หนังสือทั่วไป
บนชั้น
3. วิทยาศาสตร์การแพทย์ และสุขภาพ
วิทยาศาสตร์การแพทย์ และสุขภาพ
WY152.5 จ265ก ฉ.3 
  Barcode: 003309
ห้องสมุดวิทยาเขตสวรรค์ประชารักษ์
►หนังสือทั่วไป
บนชั้น

รายการใกล้เคียง
    หัวเรื่อง [หัวใจ-โรค-ผู้ป่วย]
    หัวเรื่อง [ผู้ป่วย-การดูแล]

BibComment


ยังไม่เคยถูกคอมเมนท์

คอมเมนท์ทรัพยากรรายการนี้
  คอมเมนท์: การพยาบาลผู้ป่วย..


 Copyright 2026. Bcnsprnw @Library